[Event "Capablanca Memorial Elite 35th"]
[Site "Varadero"]
[Date "2000.05.07"]
[Round "1"]
[White "Arencibia Rodriguez, Walter"]
[Black "Acs, Peter"]
[Result "1-0"]
[WhiteElo "2529"]
[BlackElo "2542"]
[Annotator "Tsesarsky,I"]
[PlyCount "111"]
[EventDate "2000.05.07"]
[EventType "tourn"]
[EventRounds "13"]
[EventCountry "CUB"]
[EventCategory "13"]
[SourceTitle "CBM 077"]
[Source "ChessBase"]
[SourceDate "2000.07.27"]
[SourceVersion "1"]
[SourceVersionDate "2000.07.27"]
[SourceQuality "1"]

1. d4 Nf6 2. Nf3 d5 3. c4 e6 4. Nc3 c6 5. Bg5 Nbd7 6. e3 Qa5 7. Nd2 Bb4 8. Qc2
O-O 9. Be2 e5 10. O-O exd4 11. Nb3 Qc7 12. Nxd4 Bxc3 (12... dxc4 13. Bxc4 {
-another line}) 13. bxc3 dxc4 14. Bxc4 Qe5 (14... Ne5 15. Bb3 (15. Be2 Qe7 16.
Rad1 (16. e4 h6 17. Bxf6 Qxf6 18. f4 Ng6 19. e5 $14 {1-0 Kantele,K-Sabel,H/cr
SM-E 1981/[ 5] (38)}) 16... h6 17. Bxf6 (17. Bh4 Ng6 18. Bg3 Ne4 19. Bd3 Nxg3
20. hxg3 Ne5 $11 {1/2-1/2 Neurohr,S-Gerstner,W/BL2-S 1994/[ 5] (41)}) 17...
Qxf6 18. h3 Re8 19. Kh2 c5 (19... Bd7 $6 20. f4 Ng6 21. e4 Rad8 22. e5 Qe7 23.
e6 $1 Bc8 (23... Bxe6 24. f5 Rxd4 25. Rxd4 Bd5 26. fxg6 Qxe2 27. gxf7+ Bxf7 28.
Qxe2 Rxe2 29. Rd8+ $16) 24. exf7+ $18 {1-0 Veingold,A-Kupreichik,V/Sverdlovsk
1984/[ 5] (28)}) 20. Nb5 Bf5 $11) 15... Qe7 16. h3 h6 17. Bh4 Kh8 (17... c5 18.
Nf5 Bxf5 19. Qxf5 c4 20. Bc2 $16) 18. Nf5 Bxf5 19. Qxf5 Ng6 (19... Ned7 20.
Rad1 Rad8 21. Rd4 $16) 20. Bxf6 $16 {1-0 Matlak,J-Swierczynski,S/Polish tt ch
1991/[ 5] (34)}) (14... Re8 15. Rad1 $14 {[%cal Gg5f4]} (15. Bd3 Qa5 16. Bh4 h6
17. Nf5 Qc5 18. Rad1 Nd5 19. e4 (19. c4 Nb4 20. Qc3 Ne5 $17 {1/2-1/2
Valentine-Otte/cr WER/M 1984/[ 5] (28)}) 19... Nf4 $132)) 15. Nf3 (15. Bf4 Qc5
(15... Qh5 16. e4 Re8 17. Rae1 Nc5 18. f3 $14 {1-0 Whitehead,J-Wenaas,E/Int
Open, North Bay CAN 1998/[ 5] (49)}) 16. Bd3 (16. Bb3 Nd5 17. Bg3 Qxc3 18. Bxd5
Qxc2 19. Bxf7+ Rxf7 20. Nxc2 $11) 16... Ne5 17. Nb3 (17. Bxe5 Qxe5 18. e4 $132
{1/2-1/2 Yu Mingyuan-Khamatgaleev,A/Budapest HUN 1999/[ 5] (24)}) (17. Be2 Ng6
18. Bg3 Re8 19. Bf3 {1/2-1/2 Law,A-Schoenfeld,S/Berlin GER 1998/[ 5] (19)})
17... Qd5 18. Be2 Bf5 $132 {Tesic,D-Cvetkovic,S/Vrbas 1993/Inf 58/[ 5] (24)}) (
15. Bh4 Qe4 16. Qxe4 Nxe4 17. Rfc1 g5 18. Bg3 Nxg3 19. hxg3 Ne5 $11 {1-0 Ruban,
V-Cvetkovic,S/YUG 1993/Inf 58 (57)}) 15... Qc5 16. Qd3 (16. Bb3 Re8 $132) (16.
Bd3 h6 17. Bh4 Ng4 18. Nd2 Ndf6 19. h3 Qh5 20. Bg3 Ne5 21. Be2 Qxe2 22. Bxe5
Rd8 (22... Nd7 $11) 23. Rad1 Nd5 24. e4 Nb6 25. Rfe1 Qh5 26. f4 Be6 27. f5 Bc4
$132 {1-0 Banikas,H-Cvetkovic,S/Chania GRE 1999/[ 5] (34)}) 16... Re8 17. Qd4
Ne4 18. Bf4 Nb6 $5 (18... b5 $142 $5 19. Bd3 Nxc3 20. Rfc1 b4 21. Bd6 Qxd4 22.
Nxd4 c5 23. Nb3 a5 24. a3 (24. Nxc5 Rd8 25. Bf1 Nxc5 26. Bxc5 Ba6 $11) 24...
Ba6 25. axb4 Bxd3 26. Rxc3 axb4 27. Rxd3 c4 28. Rdd1 cxb3 $11) 19. Bd3 Qxd4 $6
$14 {Was not necessary repair White P structure.} (19... Qe7 $142 $5 20. Rad1
Bf5 $11) 20. cxd4 f6 {[%csl Ge5,Gg5]} 21. h3 Nd5 22. Bh2 Nb4 23. Bxe4 $6 $132 {
Strange or unusual decision} ({More logical was} 23. Bc4+ Be6 (23... Nd5 24.
Rab1 $14) 24. Bxe6+ Rxe6 25. Rab1 Nxa2 26. Rxb7 $14) 23... Rxe4 24. Rfc1 Re8 (
24... Nd5 25. Rab1 Re7 $132) 25. a3 Nd5 26. Rab1 Re7 27. Nd2 Bf5 $6 $14 ({
Better was} 27... Be6 $11 {keeping opponent colour BB}) 28. e4 $1 {White
suddenly change central P for Pb2} Bxe4 29. Nxe4 Rxe4 30. Rxb7 Rxd4 (30... a5
31. Bb8 {[%csl Rc6][%cal Gg1h2]} Re7 (31... Rxd4 32. Rxc6 h5 33. Ba7 Rd3 34.
Rd6 $14) 32. Rxe7 Nxe7 33. Bd6 Nf5 34. Rxc6 Nxd4 35. Rc5 a4 36. Rc4 Nb5 37. Bb4
$14) 31. Bb8 $1 Nb6 32. Bxa7 Rd7 33. Rb8+ Kf7 34. Rxa8 Nxa8 35. Be3 Rd3 36. a4
Ra3 37. Rxc6 Rxa4 38. Rc8 f5 39. g3 h5 40. h4 Ra6 41. Kg2 g6 42. Kf3 Ke7 43.
Kf4 Nb6 44. Bc5+ Kf7 45. Rc7+ Ke8 46. Re7+ Kd8 47. Re6 Nd5+ 48. Ke5 Rxe6+ 49.
Kxe6 Nc3 50. Kf7 f4 51. gxf4 Nd5 52. Bd6 Kd7 53. Be5 Ne7 54. Bf6 Nf5 55. Kxg6
Ke6 56. Bg5 1-0

[Event "EU-ch 4th"]
[Site "Istanbul"]
[Date "2003.06.12"]
[Round "12"]
[White "Nikolic, Predrag"]
[Black "Luther, Thomas"]
[Result "1-0"]
[WhiteElo "2643"]
[BlackElo "2571"]
[Annotator "Tsesarsky,I"]
[PlyCount "57"]
[EventDate "2003.05.30"]
[EventType "swiss"]
[EventRounds "13"]
[EventCountry "TUR"]
[SourceTitle "CBM 096"]
[Source "ChessBase"]
[SourceDate "2003.09.25"]
[SourceVersion "1"]
[SourceVersionDate "2003.09.25"]
[SourceQuality "1"]

1. d4 d5 2. c4 c6 3. Nf3 e6 4. Nc3 Nf6 5. Bg5 Nbd7 6. e3 Qa5 7. Nd2 Bb4 8. Qc2
c5 {This move is more popular in other moves order:} (8... O-O 9. Be2 {and
just here} c5 {Some of games played this variation went to the same position,
like our game - see below.}) 9. Nb3 Qa4 (9... Qc7 10. Bxf6 (10. Bf4 Qc6 11. a3
dxc4 12. axb4 cxb3 13. Qxb3 cxd4 14. exd4 O-O 15. b5 Qb6 16. Be3 Qd6 $132 {
0-1 Villegas,B-Reca,D/Carrasco 1922/EXT 99 (61)}) 10... Nxf6 11. cxd5 cxd4 12.
Nxd4 (12. Bb5+ Kf8 (12... Bd7 13. Bxd7+ Nxd7 14. dxe6 dxc3 15. exd7+ Qxd7 16.
bxc3 Qc6 17. O-O O-O (17... Bxc3 18. Rac1 Rc8 19. Qd3 Qc4 20. Rfd1 O-O 21. Qxc4
Rxc4 22. Na5 Rc7 23. Nxb7 $16) 18. Nd4 Qxc3 19. Qe4 Qc7 20. Rac1 Bc5 21. Nb3 b6
22. Qf5 Rac8 23. Nxc5 bxc5 24. Rc4 $14 {[%csl Rc5]}) 13. Nxd4 Nxd5 14. Nde2 b6
$11) 12... Nxd5 13. Bb5+ Bd7 14. O-O Bxc3 15. Bxd7+ Qxd7 16. bxc3 Rc8 17. c4
O-O 18. Rfc1 b6 19. Qb3 Nf6 $11 {1/2-1/2 Villegas,B-Berasain,J/Carrasco 1922/
EXT 99 (51)}) 10. Bxf6 Nxf6 11. dxc5 (11. cxd5 cxd4 12. exd4 Nxd5 13. Qd2 Qc6
14. Bb5 Qxb5 15. Nxb5 Bxd2+ 16. Kxd2 O-O 17. Nc3 Rd8 18. Rhe1 b6 (18... Ne7 $15
) 19. Nxd5 Rxd5 20. Rac1 Rd7 21. Rc3 Bb7 22. g3 Rad8 23. Ke3 $11 {1/2-1/2
Weyrauch,E-Naiditsch,E/Dortmund 1999/EXT 2002 (27)}) 11... O-O ({Badly is} 
11... Bd7 $2 {in view of} 12. a3 $1 ({Not} 12. cxd5 $2 Nxd5 13. Bd3 Rc8 14. a3
Bxc3+ 15. bxc3 $11 {1/2-1/2 Veingold,A-Liiva,R/Parnu 1996/CBM 52 (56)}) 12...
Ba5 13. Rc1 dxc4 14. Nd2 Qxc2 15. Rxc2 Ke7 16. Bxc4 $16 {[%cal Gb2b4]}) 12. Bd3
dxc4 13. Bxc4 {Next games went to this position by different moves order.} b5
$5 $14 {Interesting novelty} ({The only move was played in this position so
far was} 13... Qc6 {It is strong and reliable continuation, Black at least
equalizes:} 14. O-O (14. O-O-O Bxc5 15. Bb5 Qc7 16. g4 Nxg4 17. Bd3 Be7 (17...
f5 18. Nb5 Bxe3+ 19. fxe3 Qxc2+ 20. Bxc2 Nxe3 21. Rd2 $16) 18. Bxh7+ Kh8 19.
Rhg1 f5 (19... Nxf2 20. Qxf2 Kxh7 21. Kb1 (21. Rxg7+ Kxg7 22. Qg2+ Kh6 23. Qh3+
Kg6 24. Qg2+ Bg5 25. h4 Qe5 $17) 21... Qe5 $15) 20. Bg6 Bd7 21. Bh5 Nh6 22. Kb1
Rac8 23. f4 Bf6 24. Nd4 e5 25. fxe5 Qxe5 $132 {1/2-1/2 Rahman,Z-Goloshchapov,A/
Dhaka 2002/CBM 87 ext (52)}) 14... Bxc5 15. Bb5 (15. Be2 Bd6 16. Rfd1 Bd7 17.
h3 Be5 18. Rac1 Rac8 19. Bb5 Qxb5 {1/2-1/2 Lobron,E-Ivanchuk,V/Munich 1994/CBM
42 (19)}) (15. Nxc5 Qxc5 16. Ne4 Nxe4 17. Qxe4 Qb6 18. Bd3 g6 19. Qe5 Bd7 20.
h4 Rac8 21. Rad1 {1/2-1/2 Poluljahov,A-Smagin,S/Tivat 1995/EXT 2002 (21)})
15... Qc7 $143 (15... Qb6 16. a4 Be7 17. a5 Qc7 18. Ra4 Rd8 $11 (18... a6 19.
Be2 b5 20. axb6 Qxb6 21. Ra2 Rb8 (21... e5 22. Bc4 Bb7 23. Na5 Rfc8 24. Qe2 $14
{1-0 Kelecevic,N-Lacrosse,M/Schaan 1999/EXT 2000 (24)}) 22. Nd4 e5 23. Na4 $132
)) 16. Nxc5 Qxc5 17. Qd3 a6 18. Ba4 b5 19. Ne4 Nxe4 20. Qxe4 Rb8 21. Rac1 Qh5
22. Bd1 Qg5 23. Rc7 $14 {1-0 Mannke,M-Kaluzny,W/Lubniewice 1981/MCD (36)}) 14.
Be2 $143 $6 $11 ({Why not} 14. Bd3 $142 {[%csl Ge4]} Bb7 15. f4 (15. O-O Bxc3
16. Qxc3 Bxg2 17. Kxg2 Qg4+ $11) 15... Bxc3+ 16. Qxc3 Rfd8 17. O-O Rac8 18. Qc2
$14) 14... Ne4 15. Bd3 Bb7 16. f3 Nxc5 (16... Bxc3+ $142 17. bxc3 Nf6 18. Nd4
Qxc2 19. Bxc2 Rfc8 20. Nxb5 Rxc5 21. a4 Nd5 22. Kd2 Rd8 23. Bd3 a6 24. Nd4 e5
$44 {[%cal Gd8d2]}) 17. Bxh7+ Kh8 18. O-O Qa6 19. Qf2 $1 Nxb3 $2 $16 {Serious
mistake.} ({It was necessarily to play} 19... Kxh7 20. Qh4+ Kg8 21. Qxb4 Nxb3
22. Qxb3 Qb6 23. Nxb5 Bd5 24. Qd3 Rfd8 25. Qe2 Rab8 26. Nc3 Qxb2 27. Qxb2 Rxb2
28. Rf2 Rxf2 29. Kxf2 Bc4 $14) 20. Qh4 $1 Be7 $8 21. Qh3 ({Stronger looks} 21.
Qh5 Bg5 $8 22. axb3 Qb6 (22... Bxe3+ 23. Kh1 Qb6 24. f4 $18) 23. Qxg5 Kxh7 24.
Nxb5 Ba6 25. Rxa6 Qxa6 26. Nc7 $16) 21... Bg5 22. axb3 Qb6 23. Be4+ Bh6 24.
Bxb7 Qxb7 25. g4 {[%csl Rh6][%cal Gg4g5,Gh3h8]} f6 26. f4 Kg8 27. Qf3 (27. g5
fxg5 28. Qxe6+ Kh7 29. fxg5 Bxg5 30. Nd5 $16) 27... Qxf3 28. Rxf3 a6 29. Rff1 (
29. Rff1 Rfd8 30. h4 (30. Ne4 f5 31. Nc5 fxg4 32. Nxe6 $16) 30... g6 31. Rfd1
Rxd1+ 32. Rxd1 f5 (32... b4 33. Ne4 f5 34. Nf6+ Kf8 35. Nd7+ Kg8 36. Rd6 Bg7
37. Rxe6 $18) 33. Rd6 Kf7 34. Rd7+ Kf8 $16) 1-0

[Event "DEN-ch"]
[Site "Aarhus"]
[Date "1999.03.31"]
[Round "5"]
[White "El Kher, Henrik"]
[Black "Hansen, Curt"]
[Result "0-1"]
[WhiteElo "2338"]
[BlackElo "2608"]
[Annotator "Tsesarsky,I"]
[PlyCount "102"]
[EventDate "1999.03.??"]
[EventType "tourn"]
[EventRounds "9"]
[EventCountry "DEN"]
[EventCategory "10"]
[SourceTitle "CBM 071"]
[Source "ChessBase"]
[SourceDate "1999.08.01"]
[SourceVersion "1"]
[SourceVersionDate "1999.08.01"]
[SourceQuality "1"]

1. d4 Nf6 2. c4 e6 3. Nf3 d5 4. Nc3 Nbd7 5. Bg5 c6 6. e3 Qa5 7. Bxf6 Nxf6 8.
Nd2 Be7 9. Bd3 (9. a3 O-O 10. Be2 Qd8 11. O-O c5 (11... b6 12. Rc1 c5 13. Nb3
dxc4 14. Bxc4 cxd4 15. Nxd4 Bb7 $11 {1/2-1/2 Kallai,G-Cvetkovic,S/
Liechtenstein op 1988/EXT 88op (22)}) 12. dxc5 Bxc5 13. Nb3 Bb6 14. cxd5 Nxd5
15. Nxd5 exd5 16. Bf3 Be6 17. Qd2 Qg5 18. Rfd1 Rfd8 19. Qe2 Rac8 $11 {0-1
Ivkov,B-Raicevic,V/ch YUG - Borovo YUG 1981 (37)}) (9. Qc2 Bd7 10. Bd3 b5 11.
Nb3 Qb6 12. c5 Qc7 13. a4 b4 14. Ne2 a5 15. O-O-O e5 16. dxe5 $1 (16. f3 $2 $17
e4 $1 17. fxe4 Ng4 18. Rde1 (18. Rdg1 Bg5 19. exd5 cxd5 20. Nd2 Nf2 $17 (20...
Nxe3 $15)) 18... Nxe3 19. Qd2 Nxg2 $1 (19... Nc4 $2 20. Qf4 Qd8 21. h4 $16 {
1-0 Portisch,F-Kovacs,L/Budapest 1965 (69)}) 20. Reg1 Bh3 21. exd5 Qd8 22. Nf4
Bg5 23. Rxg2 Bxg2 24. Re1+ Kf8 25. d6 Bd5 26. Bc2 Ra7 $17) 16... Qxe5 17. Nbd4
O-O 18. Kb1 $14) (9. Be2 O-O 10. O-O a6 (10... Bd7 11. Rc1 Rac8 12. Qb3 Qb4 13.
Qc2 Bd8 14. c5 Qa5 15. f4 Qc7 16. Nf3 $14 {1-0 Daoud,R-Alonso,M/Canaries
olJ-U16 ,EXT 1995 (58)}) 11. c5 (11. a3 b5 12. b4 Qc7 13. c5 e5 14. f4 exd4 15.
exd4 a5 16. g3 Bh3 17. Re1 axb4 18. axb4 Rxa1 19. Qxa1 h5 20. Nf3 Bf5 21. Ne5
Bd8 22. Qa6 (22. Qa8 $16) 22... Bd7 23. Ra1 $16 {1/2-1/2 Levy,M-Pitam,E/ISR
1994 (60)}) 11... Nd7 12. a3 e5 13. dxe5 Qxc5 $15 (13... Nxe5 14. b4 Qc7 15.
Nb3 Bf5 $11 {1/2-1/2 Gruenenwald,E-Vanda,P/SUI chIW 1992 (31)})) 9... dxc4 (
9... O-O 10. O-O (10. f4 Bd7 11. O-O Rfd8 12. Qc2 Be8 (12... dxc4 $132) 13. a3
Qc7 14. c5 b6 15. b4 a5 16. h3 (16. cxb6 Qxb6 17. Na4 (17. bxa5 Qxa5 18. Nb3
Qc7 19. Rfc1 Bxa3 20. Nb5 Qe7 21. Nxa3 Rxa3 22. Rxa3 Qxa3 23. Ra1 Qb4 24. Nc5
$44) 17... Qb8 18. Rfb1 axb4 19. Nc5 Ra5 20. axb4 Rxa1 21. Rxa1 Qxb4 22. Rb1
$44) (16. Nf3 axb4 17. axb4 Rdb8 18. Ne5 h6 19. Na4 bxc5 20. bxc5 Nd7 21. Nxd7
Bxd7 22. Nb6 Rxa1 23. Rxa1 Bd8 24. Ra6 $14) 16... g6 17. Na4 Nd7 18. Rab1 b5
19. Nc3 f5 $11 {1/2-1/2 Von Patay,J-Spielmann,R/Vienna 1923 (22)}) (10. Qc2
dxc4 (10... Qc7 11. O-O Rd8 12. Rae1 dxc4 13. Nxc4 c5 $11 {0-1 Acevedo,
M-Kashdan,I/Mexico City(8) 1932 (28)}) (10... h6 11. Nb3 Qd8 12. f3 dxc4 13.
Bxc4 Nd5 14. Nxd5 exd5 15. Bd3 Bh4+ 16. g3 Bf6 17. O-O $11 (17. h4 Re8 $15 {
0-1 Baardsen,G-Nilsson,I/SWE-ch Vaxjo ,EXT 1992 (61)})) 11. Nxc4 Qh5 12. Ne5
Bd6 13. Be2 Qh6 (13... Qg5 14. h4 Qh6 (14... Qxg2 15. Bf3 $18) 15. g4 Bxe5 16.
dxe5 (16. g5 Qg6 17. Qxg6 fxg6 18. dxe5 Nd5 19. Rc1 Bd7 (19... Rf5 20. e4 $18)
20. Ne4 $16) 16... Nd5 17. g5 Qg6 18. Qxg6 fxg6 19. Rc1 $16) 14. h4 Nd7 15. f4
(15. Ng4 Qg6 16. Qxg6 fxg6 (16... hxg6 17. f4 c5 18. Ne4 Be7 19. Nxc5 Nxc5 20.
dxc5 Bxc5 21. Rd1 e5 $1 (21... f5 22. Ne5 Bxe3 23. Nxg6 Rf6 (23... Re8 24. Bb5
$18) 24. Rd8+ Kf7 25. h5 Bc5 26. Ne5+ Ke7 27. Rg8 $18) 22. Nxe5 (22. fxe5 Bxg4
23. Bxg4 Rfe8 24. Rd5 Bxe3 25. Rf1 Rad8 $11) 22... Bxe3 23. Rf1 Be6 24. Rf3 Bb6
25. a3 (25. Rfd3 Bxa2 $15) 25... Rfc8 $11) 17. h5 $14) 15... f6 16. Nc4 Bc7 17.
g4 e5 18. dxe5 (18. g5 Qg6 (18... fxg5 19. fxe5 gxh4 20. Qe4 g5 21. Kd2 Nb6 22.
Rag1 Nxc4+ 23. Bxc4+ Kh8 24. e6 Rf6 25. Rf1 Bd6 26. Rxf6 Qxf6 27. Rf1 Qg6 28.
Rf7 g4 29. Qxg6 hxg6 30. Ne4 $18) 19. Qxg6 hxg6 20. fxe5 fxe5 21. d5 $14) 18...
fxe5 19. f5 Qf6 20. Ne4 Qe7 21. O-O-O $16 {1-0 Haida,A-Przepiorka,D/Marienbad
1925 (34)}) (10. g4 $2 e5 $1 $17 (10... Re8 $2 11. g5 Nd7 12. f4 Nf8 13. h4 $14
{1-0 Puharre-Villegas/Buenos Aires 1930 (39)})) 10... Qd8 (10... Rd8 11. a3 Bf8
12. b4 Qc7 13. f4 Bd7 14. Qc2 Be8 15. h3 g6 16. c5 Bg7 17. Nf3 $14 {1-0
Schlechter,C-Alapin,S/Barmen 1905 (68)}) (10... Qc7 11. Nf3 (11. Rc1 Bd6 (11...
Rd8 12. Nf3 b6 13. Qe2 Ba6 14. cxd5 Bxd3 15. Qxd3 exd5 16. Qa6 Qc8 17. Qa4 Qb7
18. Ne5 Rac8 $11 {1/2-1/2 Magnusson,J-Paidoussis,A/Leipzig 1960 (25)}) 12. h3
a6 13. Qe2 Re8 14. Rfd1 Qe7 15. Nf3 dxc4 16. Bxc4 b5 17. Bd3 Bb7 18. Ne4 Nxe4
19. Bxe4 Rac8 20. Ne5 c5 $11 {1/2-1/2 Jackson,R-Skinner,D/cr IECG Cat-A 1995 
(31)}) 11... Bd6 12. c5 Be7 13. b4 h6 14. Qe2 Re8 15. Ne5 Nd7 16. f4 Nxe5 17.
fxe5 Bg5 18. Rf3 b6 $14 (18... f5 $2 $16 19. Raf1 $6 (19. exf6 Bxf6 20. Rxf6
gxf6 21. Qh5 Rf8 22. Rf1 $1 (22. Qxh6 Qg7 23. Qh4 e5 (23... Bd7 24. Rf1 Kf7 25.
Qf4 Rh8 26. Qc7 Ke7 27. e4 Rh3 28. e5 f5 (28... fxe5 29. Qd6+ Ke8 30. Rf8+ Qxf8
31. Bg6+ $18) 29. Nxd5+ $3 cxd5 (29... exd5 30. Bxf5 $18) 30. Bb5 $16) 24. Rf1
Be6 25. Rf3 $16) 22... Qf7 (22... Qg7 23. Rf3 $18) 23. Qxh6 Qg7 24. Qh4 $16)
19... b6 20. Qf2 (20. g4 $1 bxc5 (20... fxg4 21. Rf7 Qxf7 22. Rxf7 Kxf7 23.
Qxg4 Bxe3+ 24. Kh1 Kg8 25. Qg6 Kf8 26. Qh7 Ba6 (26... Bxd4 27. Bg6 Bd7 28. Qh8+
Ke7 29. Qxg7+ Kd8 30. Ne2 $16) 27. Bxa6 Bxd4 28. Ne2 $16) 21. bxc5 Qa5 22. Nd1
g6 23. Rg3 $14) 20... a5 21. cxb6 Qxb6 22. b5 $132 {0-1 De Cerdanyol-Ramos
Rojas/cr E gr 1985 (44)})) (10... Bd7 11. a3 b5 12. cxb5 cxb5 13. b4 Qb6 14.
Nb3 $14 {1-0 Shaz,A-Hag/Thessaloniki Ol 1988 (27)}) 11. Qe2 (11. Rc1 b6 12.
cxd5 exd5 13. h3 Bb7 14. Nf3 Bd6 $11 {1-0 Pietarinen,P-Haanpaa,J/Tampere TampY
A 1990 (41)}) (11. Nf3 Ne8 12. Rc1 Nd6 13. c5 Ne8 14. b4 b5 15. cxb6 axb6 16.
Ne5 Bb7 17. Qb3 f6 18. Nf3 Qd6 $11 {1-0 Cordes,L-Bitzer,D/Biel-op ATO 1996/EXT
96op2 (40)}) 11... b6 12. Rfd1 Bb7 13. cxd5 cxd5 14. Rac1 a6 15. Na4 Bd6 $14 {
0-1 Pushkov,N-Kasimdzhanov,R/open, Cappelle la Grande FRA 1997 (61)}) 10. Nxc4
Qc7 (10... Qg5 11. O-O O-O 12. f4 Qh6 13. g4 Qh3 14. g5 Ng4 15. Qe2 Qh4 16. Rf3
$16) 11. Rc1 O-O 12. O-O Rd8 13. Qe2 (13. Qf3 c5 14. Rfd1 cxd4 15. Nb5 Qc5 16.
Nxd4 Qg5 $132) 13... Bd7 14. Ne4 (14. Ne5 Be8 (14... Rac8 $5) 15. Rfd1 Nd7 16.
Nc4 a6 17. a3 c5 18. d5 Nf6 $1 (18... exd5 19. Nxd5 $18) (18... Nf8 19. dxe6
Nxe6 20. Be4 Bc6 21. Nd5 Bxd5 22. Bxd5 Bf6 23. a4 (23. Bxe6 fxe6 24. Qg4 Qe7
25. Qe4 (25. b4 cxb4 26. Nb6 Rxd1+ 27. Rxd1 Rd8 28. Rxd8+ Qxd8 $17) 25... b5
26. Ne5 Rxd1+ 27. Rxd1 Rd8 28. Rxd8+ Qxd8 29. Nd3 c4 30. Qxe6+ Kf8 31. Ne1 Bxb2
32. Qxa6 Bc3 33. Qxb5 Bxe1 34. Qxc4 $11) (23. Qg4 Re8 (23... Qe7 24. a4 Rab8
25. Bxe6 (25. a5 Nc7 $132) 25... fxe6 26. a5 $16) 24. a4 Rad8 25. a5 Qe7 26.
Bxe6 Qxe6 27. Qxe6 Rxe6 28. Rxd8+ Bxd8 29. Rd1 Be7 30. Rd7 $16) 23... Nd4 24.
exd4 Rxd5 25. dxc5 Rxd1+ 26. Rxd1 Qxc5 $11) 19. dxe6 (19. e4 b5 (19... exd5 20.
Nxd5 Nxd5 21. exd5 g6 (21... Bd6 22. Nxd6 Qxd6 23. Qc2 h6 24. Qxc5 $16) 22. Ne3
Bd6 23. g3 Ba4 $132) 20. d6 Bxd6 21. Nxd6 Rxd6 22. e5 Rxd3 23. Rxd3 Nd7 24. Rd6
$16) 19... fxe6 $132) 14... Nxe4 15. Bxe4 Be8 16. a3 (16. f4 c5 17. Ne5 f6 18.
Nd3 Bb5 19. b4 f5 20. Bf3 c4 21. Nc5 (21. Ne5 Rac8 (21... Bd6 22. Nxc4 (22. a4
Bxa4 23. Rxc4 Qe7 $15) (22. Bh5 g6 23. Bf3 Rdc8 $15) 22... Rac8 23. Nxd6 Bxe2
24. Nxc8 Qd7 25. Bxe2 Rxc8 26. Bb5 Qd8 $132)) 21... Bxc5 22. bxc5 Ba6 (22...
Rac8 23. Qb2 $14) 23. Rc3 Rac8 24. Qb2 $14) 16... a5 $11 17. Qf3 (17. Rfd1 a4
$132) 17... g6 18. Qg3 Qxg3 19. hxg3 {White have exchanged the queens however
turned out position is far from a drawn game.} Ra6 (19... a4 $5) 20. Rc2 f6 21.
Nd2 (21. Rfc1 $5 $132) 21... a4 22. Bf3 (22. Rfc1 {[%cal Gg1f1,Gf1e2]}) 22...
g5 {[%cal Ge8g6]} 23. Be2 (23. Be4 $5 $132) 23... Ra7 (23... Rb6 24. Nc4 Rb5
25. Nd2 Rb6 26. Nc4 $11 {Of course, Black don't want 1/2.}) 24. Bc4 Bf7 25. Ne4
Kg7 (25... Kf8 $5) 26. f3 (26. g4 Bg6 27. f3 f5 28. gxf5 exf5 29. Nc5 Bxc5 30.
dxc5 Ra5 31. Ba2 f4 32. e4 Kf6 33. Kf2 Ke5 34. Ke2 h5 $15) 26... h5 (26... f5
27. Nf2 b6 28. Nd3 $11) 27. Kf2 (27. f4 $2 Bg6 $1 28. Bd3 e5 $17) (27. Rd1 f5
28. Nf2 Bd6 29. f4 Kf6 30. Nd3 $11) 27... f5 28. Nc3 $6 (28. Nd2 b6 $132) 28...
Ra5 29. f4 $6 $15 (29. Rh1 $132) 29... h4 30. Ne2 (30. fxg5 hxg3+ (30... Bxg5
31. gxh4 Bxh4+ 32. Ke2 Bf6 $15) 31. Kxg3 Bxg5 32. Kf2 e5 (32... f4 33. exf4
Bxf4 34. Ne2 Rf5 35. Ke1 Be3 36. Rxf5 exf5 37. Bxf7 Kxf7 38. Rc4 Rh8 39. Ng3
Ke6 40. Ke2 $11) 33. Ne2 exd4 34. exd4 Bg6 35. Rc3 Bf6 $15) 30... hxg3+ 31.
Kxg3 Bd6 (31... Rh8 32. Kf3 g4+ 33. Kf2 Raa8 $132) 32. Kh2 $2 $17 (32. Rh1
gxf4+ 33. exf4 (33. Nxf4 e5 34. dxe5 Rxe5 35. Re1 (35. Kf3 Bc5 36. Re1 Rd1 $1
37. Rxd1 Rxe3+ 38. Kf2 Rc3+ 39. Ke1 Rxc2 40. Bxf7 Bf2+ 41. Kf1 Kxf7 42. Rd7+
Kf6 43. Rxb7 Bd4 $19) 35... Bc5 36. Bxf7 Kxf7 37. Kf3 Rde8 38. Rce2 Re4 $17)
33... Raa8 34. Kf3 Rh8 35. Rxh8 Rxh8 36. Nc3 Kf6 37. g3 Bh5+ $15) 32... gxf4
33. exf4 (33. Nxf4 e5 34. dxe5 Rxe5 $17) 33... Rh8+ 34. Kg3 Raa8 35. Kf3 Kf6
36. Rcc1 Rad8 (36... Rag8 $17) 37. Ba2 Rh2 (37... Rdg8 $17) 38. Rh1 $2 $19 {
The last mistake.} (38. Kg3 Rdh8 39. Rc4 R2h4 40. Rxa4 Bh5 41. Re1 Bxe2 42.
Rxe2 Rg4+ 43. Kf2 Rxf4+ 44. Ke1 Rh1+ 45. Kd2 Re4 46. Rxe4 fxe4 47. Ra8 (47. Ra7
Bf4+ 48. Ke2 Ra1 49. Bb3 Rb1 50. Rxb7 Rxb2+ $19) 47... Ra1 48. Bc4 b5 49. Be2
Bf4+ $17) 38... Bh5+ 39. Ke3 Rxh1 40. Rxh1 Bxe2 41. Kxe2 Bxf4 42. Rd1 Bg5 43.
Bb1 b5 44. Ba2 Ke7 45. Rd3 Bc1 46. Rc3 Bxb2 47. Rxc6 Rd6 48. Rc7+ Kf6 49. Rb7
Rxd4 50. Rxb5 Bxa3 51. Ra5 Bc1 0-1